Catálogo

ADVANCED MARKER TECHNIQUES (Registro nro. 6800)

Detalles MARC
000 -LEADER
fixed length control field 00463nam a2200169 a 4500
001 - CONTROL NUMBER
control field 6800
005 - DATE AND TIME OF LATEST TRANSACTION
control field 20180713190658.0
008 - FIXED-LENGTH DATA ELEMENTS--GENERAL INFORMATION
fixed length control field 140415s1989 000 0 spa d
041 ## - LANGUAGE CODE
Language code of text/sound track or separate title spa
082 ## - DEWEY DECIMAL CLASSIFICATION NUMBER
Classification number 741.6
Item number POW
100 1# - MAIN ENTRY--PERSONAL NAME
Personal name POWELL, DICK
245 10 - TITLE STATEMENT
Title ADVANCED MARKER TECHNIQUES
260 ## - PUBLICATION, DISTRIBUTION, ETC.
Place of publication, distribution, etc. [s.l.] :
Name of publisher, distributor, etc. MACDONALD AND CO PIBLISHERS,
Date of publication, distribution, etc. 1989
300 ## - PHYSICAL DESCRIPTION
Extent 160
650 14 - SUBJECT ADDED ENTRY--TOPICAL TERM
Topical term or geographic name entry element PUBLICIDAD COMERCIAL ARTISTICA
700 1# - ADDED ENTRY--PERSONAL NAME
Personal name MONAHAN, PATRICIA
Relator term coaut.
Existencias
Withdrawn status Lost status Source of classification or shelving scheme Damaged status Not for loan Collection code Home library Current library Shelving location Date acquired Source of acquisition Inventory number Total Checkouts Full call number Barcode Date last seen Date last checked out Price effective from Koha item type
    Dewey Decimal Classification     General Biblioteca Karol Wojtyla Biblioteca Karol Wojtyla Sala general 03/12/2013 Compra 151000000000000000023436   741.6 POW 19438 05/01/2026 18/03/2016 03/12/2013 Libro